000
00313nam a2200133Ia 4500
005
20251222144659.0
008
251222s9999||||xx |||||||||||||| ||spa||
082
_a
813.52/F28
100
_a
Faulkner, William
245
0
_a
Los Rateros
250
_a
1ra.ed.
264
_b
Plaza Janes Editores, S.A.
942
_c
LIB
999
_c
17367
_d
17367